| 000 | 02173nam a2200493Ii 4500 | ||
|---|---|---|---|
| 001 | DIGOLEJNK0681 | ||
| 003 | NyNyDIG | ||
| 006 | m o d | ||
| 007 | cr ||||||||||| | ||
| 008 | 221014s2019 cl o 000 0 spa d | ||
| 035 | _a(OCoLC)1350508736 | ||
| 040 |
_aDGITA _beng _erda _epn _cDGITA |
||
| 020 | _z9789563926170 | ||
| 041 | 1 |
_aspa _hger |
|
| 043 | _ae-gx--- | ||
| 050 | 1 | 4 | _aKK7987 ebook |
| 100 | 1 |
_aSauer, Wilhelm, _d1879-1962, _eauthor. |
|
| 240 | 1 | 0 |
_aAllgemeine Strafrechtslehre. _lSpanish _s(Rosal and Cerezo Mir) |
| 245 | 1 | 0 |
_aDerecho penal : _bparte general / _cWilhelm Sauer ; edición al cuidado de Carlos Antonio Agurto Gonzáles, Sonia Lidia Quequejana Mamani, Benigno Choque Cuenca ; traducción directa del alemán por Juan del Rosal y José Cerezo. |
| 264 | 1 |
_aSantiago, Chile : _bEdiciones Olejnik, _c[2019] |
|
| 300 | _a1 online resource. | ||
| 336 |
_atext _btxt _2rdacontent |
||
| 337 |
_acomputer _bc _2rdamedia |
||
| 338 |
_aonline resource _bcr _2rdacarrier |
||
| 347 |
_atext file _2rdaft |
||
| 347 | _bPDF | ||
| 490 | 1 | _aBiblioteca de derecho penal y procesal penal | |
| 588 | 0 | _aOnline resource; title from PDF title page (Digitalia, viewed October 14, 2022) | |
| 650 | 0 |
_aCriminal law _zGermany. |
|
| 655 | 0 | _aElectronic books. | |
| 700 | 1 |
_aAgurto Gonzáles, Carlos Antonio, _eeditor. |
|
| 700 | 1 |
_aQuequejana Mamani, Sonia Lidia, _eeditor. |
|
| 700 | 1 |
_aChoque Cuenca, Benigno, _eeditor. |
|
| 700 | 1 |
_aRosal, Juan del, _d1908-1973, _etranslator. |
|
| 700 | 1 |
_aCerezo Mir, José, _etranslator. |
|
| 700 | 1 |
_iTranslation of: _aSauer, Wilhelm, _d1879-1962. _tAllgemeine Strafrechtslehre. |
|
| 791 | 2 |
_aDigitalia (Firm), _edistributor. |
|
| 793 | 0 |
_gDigitalia eBook Collection: _aEdiciones Olejnik |
|
| 776 | 0 | 8 |
_iPrint version: _aSauer, Wilhelm, 1879-1962. _sAllgemeine Strafrechtslehre. Spanish (Rosal and Cerezo Mir). _tDerecho penal. _bPrimera edición. _dSantiago, Chile : Ediciones Olejnik, 2019 _z9789563926170 |
| 830 | 0 | _aBiblioteca de derecho penal y procesal penal. | |
| 856 | 4 | 0 |
_3Digitalia Hispánica _uhttps://www.digitaliapublishing.com/a/104660/ |
| 910 | _aPremium collection: 2022 | ||
| 942 | _cRAA | ||
| 999 |
_c270609 _d270609 |
||